书目信息 |
| 书名: | Cuba 1933 | |
| 作者: | by Luis E. Aguilar. | |
| 分册号: | ||
| 分册名: | 出版地: | Ithaca [N.Y.] : |
|
| 出版社: | Cornell University Press | |
| 出版时间: | [1972]. | |
| 页数: | x, 256 p. ; | |
| 开本: | 19 cm. | |
| 丛书名: | ||
| 中图分类号: | ||
| 科图分类号: | ||
| 其他分类号: | K751.4 | |
| 主题词: | ||
| 电子资源: | ||
| 000 | 00935cam a2200301 450 | |
| 001 | E0731475279 | |
| 005 | 20070427084540.48 | |
| 008 | 720107s1972 nyu b 001 0 eng | |
| 010 | @a70162544 | |
| 020 | @a0801406609. | |
| 035 | @A(DLC) 70162544 | |
| 040 | @aDLC@cDLC@dDLC | |
| 043 | @anwcu--- | |
| 050 | 00 | @aF1787.5@b.A66 |
| 082 | 00 | @a972.91/06 |
| 090 | @aK751.4 | |
| 099 | @dK751.4@ex5 | |
| 100 | 1 | @aAguilar, Luis E. |
| 245 | 10 | @aCuba 1933 :@bprologue to revolution / @cby Luis E. Aguilar. |
| 260 | @aIthaca [N.Y.] :@bCornell University Press,@c[1972]. | |
| 300 | @ax, 256 p. ;@c19 cm. | |
| 350 | @a$9.50 | |
| 504 | @aIncludes bibliographical references. | |
| 651 | 0 | @aCuba@xHistory@y1895- |
| 651 | 0 | @aCuba@xHistory@yRevolution, 1933. |
| 906 | @a7@bcbc@corignew@d1@encip@f19@gy-gencatlg | |
| 991 | @bc-GenColl@hF1787.5@i.A66@p0001011455A@tCopy 2@wCCF | |
| 991 | @bc-GenColl@hF1787.5@i.A66@tCopy 1@wBOOKS | |
| Cuba 1933 : : prologue to revolution / / by Luis E. Aguilar.-Ithaca [N.Y.] : : Cornell University Press, , [1972]. |
| x, 256 p. ; ; 19 cm. |
| Includes bibliographical references. |
| ISBN 0801406609. |
| ● |
| 相关链接 |
|
|
|
|
正题名:Cuba 1933
索取号:K751.4/x5
 
预约/预借
| 序号 | 登录号 | 条形码 | 馆藏地/架位号 | 状态 | 备注 |
| 1 | 5013 | 300050138 | 第二样本阅览室/ [索取号:K751.4/x5] | 在馆 |